Reflexîones cristianas del P. Claudio de la Colombiere. Traducidas del frances al castellano por D. P. J. de G.

Detalles Bibliográficos
Autor principal: La Colombiere, Claude de 1642-1682
Formato: Libro
Lenguaje:Spanish
Publicado: en Madrid 1794
Materias:
Colección:Banco de datos
Acervo:Biblioteca de la Congregación del Oratorio de San Felipe Neri de México. Iglesia La Profesa
Descripción Física:[2] h., 374 p. 8°
Tema general:Ascética
Notas:Portada tipográfica. Título de la anteportada: Reflexîones christianas. Texto a renglón seguido. Incluye cabecera de título en grabado xilográfico. Incluye capitular en grabado xilográfico. Encuadernación en piel sobre cartón
LEADER 00870nam a22001810004500
035 |a 2437 
041 0 |a spa 
100 1 |a La Colombiere, Claude de  |d 1642-1682 
245 1 0 |a Reflexîones cristianas del P. Claudio de la Colombiere. Traducidas del frances al castellano por D. P. J. de G. 
260 |a en Madrid  |b en la oficina de Cano  |c 1794 
300 |a [2] h., 374 p.  |c 8° 
500 |a Portada tipográfica. Título de la anteportada: Reflexîones christianas. Texto a renglón seguido. Incluye cabecera de título en grabado xilográfico. Incluye capitular en grabado xilográfico. Encuadernación en piel sobre cartón 
504 |a Índice de contenido 
650 1 0 |a Ascética 
949 |a Iglesia La Profesa, Biblioteca 4606 
942 |c PROFESA 
943 |g Biblioteca de la Congregación del Oratorio de San Felipe Neri de México. Iglesia La Profesa 
999 |c 949248  |d 949248